Catholic University of Zimbabwe Library
Online Public Access Catalogue
(OPAC)

Sociological studies of children and youth. (Record no. 32007)

MARC details
000 -LEADER
fixed length control field 03079nam a2200409Ka 4500
001 - CONTROL NUMBER
control field ocn664289366
003 - CONTROL NUMBER IDENTIFIER
control field OCoLC
005 - DATE AND TIME OF LATEST TRANSACTION
control field 20210303085415.0
006 - FIXED-LENGTH DATA ELEMENTS--ADDITIONAL MATERIAL CHARACTERISTICS
fixed length control field m d
007 - PHYSICAL DESCRIPTION FIXED FIELD--GENERAL INFORMATION
fixed length control field cr un|||||||||
008 - FIXED-LENGTH DATA ELEMENTS--GENERAL INFORMATION
fixed length control field 100916s2003 ne o 000 0 eng d
020 ## - INTERNATIONAL STANDARD BOOK NUMBER
International Standard Book Number 9781849501804 (electronic bk.) :
Terms of availability £64.95 ; € 94.95 ; $114.95
020 ## - INTERNATIONAL STANDARD BOOK NUMBER
International Standard Book Number 1849501807 (electronic bk.) :
Terms of availability £64.95 ; € 94.95 ; $114.95
020 ## - INTERNATIONAL STANDARD BOOK NUMBER
Canceled/invalid ISBN 0762309679 (hbk.)
020 ## - INTERNATIONAL STANDARD BOOK NUMBER
Canceled/invalid ISBN 9780762309672 (hbk.)
040 ## - CATALOGING SOURCE
Original cataloging agency ZJC
Language of cataloging eng
Transcribing agency ZJC
050 #4 - LIBRARY OF CONGRESS CALL NUMBER
Classification number HQ767.8
Item number .S65 v. 9
072 #7 - SUBJECT CATEGORY CODE
Subject category code JFSP1
Source bicssc
072 #7 - SUBJECT CATEGORY CODE
Subject category code JFSP2
Source bicssc
072 #7 - SUBJECT CATEGORY CODE
Subject category code SOC047000
Source bisacsh
080 ## - UNIVERSAL DECIMAL CLASSIFICATION NUMBER
Universal Decimal Classification number 316.34
082 04 - DEWEY DECIMAL CLASSIFICATION NUMBER
Classification number 305.23
Edition number 22
245 00 - TITLE STATEMENT
Title Sociological studies of children and youth.
Number of part/section of a work Vol. 9
Medium [electronic resource] /
Statement of responsibility, etc. guest edited by Katherine Brown Rosier.
260 ## - PUBLICATION, DISTRIBUTION, ETC.
Place of publication, distribution, etc. Amsterdam :
-- London :
Name of publisher, distributor, etc. JAI,
Date of publication, distribution, etc. 2003.
300 ## - PHYSICAL DESCRIPTION
Extent 1 online resource (viii, 229 p.)
505 0# - FORMATTED CONTENTS NOTE
Formatted contents note Introduction / K.B. Rosier -- Comment on Fine, Espeland, and Rojeck's "Young Citizens: the Position of Children in Communitarian Theory" / A. Etzioni -- Gender, race, class, and the transition to adulthood: a critical review of the literature / K.A. Mahaffy -- Neighborhoods and inequality: the possibilities for successful transition to adulthood / S. Bould -- Race/ethnicity, gender, and adolescents' occupational aspirations: an examination of family context / S.L. Blair et al. -- Child health, social policy, and the new chip program / J. Kronenfeld, K.M. Mathieson -- Children and housework: some unanswered questions / Yun-Suk Lee et al. -- Child labor and household survival strategies in West Africa / L. Bass -- Just play? A framework for analyzing children's time use / T. Chin, M. Phillips -- In girls, out girls, and always black: African-American girls' friendships / K.A. Scott -- Counterfeit classrooms: school life of inner-city children / S.H. Matthews.
520 ## - SUMMARY, ETC.
Summary, etc. Two prominent themes of the volume are adolescents' transition to adulthood and children's time-use issues. Several chapters address each of these issues, including one examining children's labor in Senegal. Two ethnographic studies are included: one analyzes student-teacher interaction in an urban high-school math class, while the other examines friendship development and maintenance of early elementary-aged African American girls. The volume also includes a policy analysis of medical insurance provision for low income children, and a response to an earlier chapter on children's rights that appeared in Volume 8.
588 ## - SOURCE OF DESCRIPTION NOTE
Source of description note Description based on print version record.
650 #0 - SUBJECT ADDED ENTRY--TOPICAL TERM
Topical term or geographic name entry element Children.
650 #7 - SUBJECT ADDED ENTRY--TOPICAL TERM
Topical term or geographic name entry element Age groups: children.
Source of heading or term bicssc
650 #7 - SUBJECT ADDED ENTRY--TOPICAL TERM
Topical term or geographic name entry element Age groups: adolescents.
Source of heading or term bicssc
650 #7 - SUBJECT ADDED ENTRY--TOPICAL TERM
Topical term or geographic name entry element Social Science
General subdivision Children's Studies.
Source of heading or term bisacsh
700 1# - ADDED ENTRY--PERSONAL NAME
Personal name Rosier, Katherine Brown.
776 08 - ADDITIONAL PHYSICAL FORM ENTRY
Relationship information Print version:
Title Sociological studies of children and youth. Vol. 9.
Place, publisher, and date of publication Amsterdam : London : JAI, 2003
International Standard Book Number 0762309679
Record control number (OCoLC)51841004
856 40 - ELECTRONIC LOCATION AND ACCESS
Uniform Resource Identifier <a href="https://www.emerald.com/insight/publication/doi/10.1016/S1537-4661(2003)9">https://www.emerald.com/insight/publication/doi/10.1016/S1537-4661(2003)9</a>
913 ## -
-- SSbacklist
Holdings
Withdrawn status Lost status Source of classification or shelving scheme Damaged status Not for loan Home library Current library Shelving location Date acquired Total Checkouts Full call number Date last seen Uniform Resource Identifier Price effective from Koha item type
          Digital Library Digital Library Online Access 03.03.2021   HQ767.8 .S65 v. 9 03.03.2021 https://www.emerald.com/insight/publication/doi/10.1016/S1537-4661(2003)9 03.03.2021 eBook

OPENING HOURS

Weekdays: 0815hrs - 1800hrs
Weekends:0900hrs - 1200hrs

Closed for Mass:

Mon, Thur: 1200hrs - 1300hrs
Sunday & Public Holiday’s

CALL SUPPORT

0242-570570, 0242-570169
09200664, +263 8644140602

LOCATION

18443, Cranborne Avenue, Hatfield, Harare

Other Links


©2021 | CUZ Library